<?xml version="1.0" encoding="UTF-8"?>
<marc:record xmlns:marc="http://www.loc.gov/MARC21/slim">
   <marc:leader>00000nam a2200000 a 4500</marc:leader>
   <marc:datafield ind1="1" ind2=" " tag="100">
      <marc:subfield code="a">Baumann, Manfred</marc:subfield>
      <marc:subfield code="4">aut</marc:subfield>
      <marc:subfield code="e">Verfasser/-in</marc:subfield>
   </marc:datafield>
   <marc:datafield ind1="0" ind2="0" tag="245">
      <marc:subfield code="a">Christbaum, Mord und Engelshaar</marc:subfield>
   </marc:datafield>
   <marc:datafield ind1="0" ind2="0" tag="245">
      <marc:subfield code="b">Kriminelle Weihnachten</marc:subfield>
   </marc:datafield>
   <marc:datafield ind1=" " ind2="1" tag="264">
      <marc:subfield code="a">Meßkirch</marc:subfield>
      <marc:subfield code="b">Gmeiner-Verlag</marc:subfield>
      <marc:subfield code="c">2024</marc:subfield>
   </marc:datafield>
   <marc:datafield ind1=" " ind2=" " tag="250">
      <marc:subfield code="a">1.Auflage</marc:subfield>
   </marc:datafield>
   <marc:datafield ind1="1" ind2=" " tag="520">
      <marc:subfield code="a">»Halleluja, verdammt nochmal!« flucht Kommissar Merana. Auch das noch! Das ganze Land erwartet mit Spannung das neue TV-Ereignis, die spektakuläre Weihnachtsshow »The Golden Christmas Tree«. Die Show gelingt prächtig, Publikum und Beteiligte stimmen weihnachtlichen Jubel an. Doch es gibt nicht nur 100.000 Euro als Hauptpreis, es gibt auch einen Toten. Caspar Drollmann. Jurymitglied, gefeierter Schauspieler, Publikumsliebling. Schnell wird klar, es handelt sich um Mord. Deshalb kann Merana keinen ruhigen Adventabend genießen, sondern muss sich in eine kuriose Mordermittlung stürzen</marc:subfield>
   </marc:datafield>
   <marc:datafield ind1=" " ind2=" " tag="020">
      <marc:subfield code="a">9783839206751</marc:subfield>
      <marc:subfield code="9">9783839206751</marc:subfield>
   </marc:datafield>
   <marc:datafield ind1=" " ind2=" " tag="041">
      <marc:subfield code="a">ger</marc:subfield>
   </marc:datafield>
   <marc:datafield ind1=" " ind2=" " tag="500">
      <marc:subfield code="a">&#x80; 16,00</marc:subfield>
   </marc:datafield>
   <marc:datafield ind1=" " ind2=" " tag="300">
      <marc:subfield code="a">240 Seiten</marc:subfield>
   </marc:datafield>
</marc:record>
